[Event "ESP-chT Rapid"]
[Site "Ubeda"]
[Date "2023.09.24"]
[Round "7.7"]
[White "Perea Fruet, Lorenzo"]
[Black "Garcia Ramos, Marcos"]
[Result "1-0"]
[WhiteElo "2278"]
[BlackElo "2102"]
[PlyCount "93"]
[EventDate "2023.09.23"]
[EventType "team-swiss (rapid)"]
[EventRounds "9"]
[EventCountry "ESP"]
[SourceTitle "EXT 2024"]
[Source "ChessBase"]
[SourceDate "2023.10.10"]
[SourceVersion "1"]
[SourceVersionDate "2023.10.10"]
[SourceQuality "1"]
[WhiteTeam "El Caballo"]
[BlackTeam "Enric Valor CC"]
[WhiteTeamCountry "ESP"]
[BlackTeamCountry "ESP"]

1. e4 d5 2. exd5 Nf6 3. Nf3 Nxd5 4. d4 Bf5 5. a3 e6 6. c4 Nf6 7. Nc3 Nbd7 8. Bd3 Bxd3 9. Qxd3 Be7 10. 0-0 0-0 11. Bf4 Re8 12. b4 a5 13. c5 Nd5 14. Nxd5 exd5 15. b5 Nf6 16. Nd2 Qd7 17. a4 c6 18. b6 Ne4 19. Nb3 Bf6 20. f3 Ng5 21. Bd2 Ne6 22. Rae1 Re7 23. f4 Qe8 24. g3 g6 25. f5 Ng5 26. fxg6 hxg6 27. Bxg5 Bxg5 28. Kf2 Re4 29. h4 Bh6 30. Rxe4 dxe4 31. Qc4 Qd7 32. Kg2 Re8 33. Nxa5 Re7 34. d5 cxd5 35. Qb5 Be3 36. Qxd7 Rxd7 37. Nb3 f5 38. a5 Rd8 39. h5 Kg7 40. a6 bxa6 41. b7 Rb8 42. c6 Bb6 43. Rd1 Kf6 44. Rxd5 Ke6 45. Rd1 gxh5 46. Nc5+ Bxc5 47. c7 1-0

[Event "ESP-chT Rapid"]
[Site "Toledo"]
[Date "2022.09.25"]
[Round "8"]
[White "Garcia Ramos, Marcos"]
[Black "Ramirez Diaz, Jose Ramon"]
[Result "1/2-1/2"]
[WhiteElo "2155"]
[BlackElo "2187"]
[PlyCount "48"]
[EventDate "2022.09.24"]
[EventType "team-swiss (rapid)"]
[EventRounds "9"]
[EventCountry "ESP"]
[SourceTitle "CBM 210 Extra"]
[Source "ChessBase"]
[SourceDate "2022.11.30"]
[SourceVersion "1"]
[SourceVersionDate "2022.11.30"]
[SourceQuality "1"]
[WhiteTeam "Enric Valor CC"]
[BlackTeam "Tomelloso"]
[WhiteTeamCountry "ESP"]
[BlackTeamCountry "ESP"]

1. d4 g6 2. e4 Nf6 3. Nc3 d6 4. Nf3 Bg7 5. Be2 0-0 6. 0-0 c6 7. e5 dxe5 8. Nxe5 c5 9. Be3 cxd4 10. Qxd4 Nfd7 11. f4 Nxe5 12. Qxd8 Rxd8 13. fxe5 Nc6 14. Bc4 Nxe5 15. Bb3 Bd7 16. Bg5 Kf8 17. Rae1 Be8 18. Nd5 Rd7 19. Nf4 Kg8 20. Nd5 Nc6 21. c3 Kf8 22. Nf4 Kg8 23. Nd5 Kf8 24. Nf4 Kg8 1/2-1/2

[Event "Mutxamel 4th"]
[Site "Mutxamel"]
[Date "2022.09.08"]
[Round "7"]
[White "Garcia Ramos, Marcos"]
[Black "Davtyan, David"]
[Result "0-1"]
[WhiteElo "2155"]
[BlackElo "2322"]
[PlyCount "134"]
[EventDate "2022.09.05"]
[EventType "tourn"]
[EventRounds "10"]
[EventCountry "ESP"]
[EventCategory "1"]
[SourceTitle "CBM 210 Extra"]
[Source "ChessBase"]
[SourceDate "2022.11.30"]
[SourceVersion "1"]
[SourceVersionDate "2022.11.30"]
[SourceQuality "1"]

1. e4 c5 2. Nf3 e6 3. g3 Nc6 4. Bg2 Nf6 5. Nc3 d5 6. exd5 exd5 7. d4 Bg4 8. h3 Bxf3 9. Qxf3 cxd4 10. Nxd5 Nxd5 11. Qxd5 Bb4+ 12. Kf1 Qb6 13. a3 Be7 14. Bf3 0-0 15. Kg2 Bf6 16. Bf4 Rad8 17. Qf5 Ne7 18. Qd3 Ng6 19. Qe4 Rd7 20. Rab1 Re7 21. Qf5 Qe6 22. Bg4 Nxf4+ 23. gxf4 Qb6 24. Bf3 Rfe8 25. Rhd1 g6 26. Qd3 Qc7 27. c3 dxc3 28. bxc3 b6 29. Qd6 Qxd6 30. Rxd6 Bxc3 31. f5 Be5 32. Rd5 Kg7 33. fxg6 hxg6 34. a4 Bc3 35. h4 Re5 36. Rbb5 R8e7 37. h5 Re1 38. hxg6 fxg6 39. Rd3 Bf6 40. a5 bxa5 41. Rxa5 Ra1 42. Rad5 a5 43. Rd7 a4 44. Rxe7+ Bxe7 45. Rd7 Re1 46. Rd1 Re6 47. Rd7 Kf6 48. Ra7 a3 49. Bd5 Rb6 50. Ra4 g5 51. Kg3 Bd6+ 52. Kg2 Rb2 53. Kf1 Ke5 54. Bg8 Rb8 55. Ra5+ Kf6 56. Bd5 Rb2 57. Bg8 Bb4 58. Rb5 Kg6 59. Kg2 Kh5 60. Kh3 Be1 61. Bf7+ Kh6 62. Rf5 a2 63. Bxa2 Rxa2 64. f4 Ra3+ 65. Kg2 g4 66. Rg5 g3 67. Kf1 Bd2 0-1

[Event "Mutxamel 4th"]
[Site "Mutxamel"]
[Date "2022.09.06"]
[Round "3"]
[White "Garcia Ramos, Marcos"]
[Black "Kovacevic, Slobodan"]
[Result "1/2-1/2"]
[WhiteElo "2155"]
[BlackElo "2201"]
[PlyCount "70"]
[EventDate "2022.09.05"]
[EventType "tourn"]
[EventRounds "10"]
[EventCountry "ESP"]
[EventCategory "1"]
[SourceTitle "CBM 210 Extra"]
[Source "ChessBase"]
[SourceDate "2022.11.30"]
[SourceVersion "1"]
[SourceVersionDate "2022.11.30"]
[SourceQuality "1"]

1. d4 Nf6 2. Bg5 d5 3. Bxf6 exf6 4. e3 Bd6 5. Bd3 Qe7 6. Nd2 c6 7. Ne2 Nd7 8. c4 dxc4 9. Nxc4 Bb4+ 10. Nc3 Nb6 11. 0-0 Nxc4 12. Bxc4 0-0 13. a3 Bd6 14. Qf3 Be6 15. d5 cxd5 16. Nxd5 Bxd5 17. Bxd5 Rab8 18. g3 a5 19. a4 g6 20. b3 Kg7 21. Rad1 Rfd8 22. Bc4 b6 23. Rd5 Bc7 24. Rfd1 Rxd5 25. Rxd5 Rd8 26. Qd1 f5 27. Rxd8 Qxd8 28. Qxd8 Bxd8 29. Kg2 Be7 30. Bd5 h5 31. h4 Bb4 32. Kf3 Kf6 33. e4 fxe4+ 34. Bxe4 Bc5 35. Bd5 Bd4 1/2-1/2

[Event "La Nucia op"]
[Site "La Nucia"]
[Date "2021.10.08"]
[Round "3"]
[White "Garcia Ramos, Marcos"]
[Black "Vasquez Schroder, Rodrigo Rafael"]
[Result "0-1"]
[WhiteElo "2197"]
[BlackElo "2467"]
[PlyCount "104"]
[EventDate "2021.10.06"]
[EventType "swiss"]
[EventRounds "9"]
[EventCountry "ESP"]
[SourceTitle "CBM 204 Extra"]
[Source "ChessBase"]
[SourceDate "2021.11.30"]
[SourceVersion "1"]
[SourceVersionDate "2021.11.30"]
[SourceQuality "1"]

1. d4 Nf6 2. Bg5 e6 3. Nd2 h6 4. Bh4 d6 5. e4 Nbd7 6. Bd3 e5 7. c3 Be7 8. Ne2 Nh5 9. Bxe7 Qxe7 10. Qb3 a6 11. 0-0-0 b5 12. f4 c5 13. Qa3 Rb8 14. dxe5 dxe5 15. f5 Nhf6 16. h3 c4 17. Qxe7+ Kxe7 18. Bc2 h5 19. g3 Bb7 20. Rhe1 Rbd8 21. Ng1 Rhe8 22. b3 cxb3 23. axb3 Nc5 24. Re3 Kf8 25. b4 Ncd7 26. Nb3 Rc8 27. Nf3 Ke7 28. Nfd2 Rc7 29. Kb2 Rec8 30. Ra1 g6 31. fxg6 fxg6 32. Rf1 Rf8 33. Ref3 Bc8 34. Nc1 Nb6 35. h4 Bh3 36. Re1 Rd8 37. Nd3 Nfd7 38. Bb3 Be6 39. Ref1 Rdc8 40. Bxe6 Na4+ 41. Ka3 Kxe6 42. Nb3 Rxc3 43. Ndc5+ R8xc5 44. bxc5 Rxf3 45. Rxf3 Naxc5 46. Nxc5+ Nxc5 47. Rc3 Nxe4 48. Rc6+ Kf5 49. Rxa6 Nxg3 50. Rb6 e4 51. Rxb5+ Kf4 52. Kb3 Nf5 0-1

[Event "Alicante IRT op 15th"]
[Site "Alicante"]
[Date "2021.09.25"]
[Round "3"]
[White "Garcia Ramos, Marcos"]
[Black "Guardiola Guillot, Lucas"]
[Result "0-1"]
[WhiteElo "2197"]
[BlackElo "1997"]
[PlyCount "56"]
[EventDate "2021.09.24"]
[EventType "swiss"]
[EventRounds "7"]
[EventCountry "ESP"]
[SourceTitle "CBM 204 Extra"]
[Source "ChessBase"]
[SourceDate "2021.11.30"]
[SourceVersion "1"]
[SourceVersionDate "2021.11.30"]
[SourceQuality "1"]

1. Nf3 d5 2. d4 Nf6 3. c4 e6 4. g3 c6 5. Qc2 dxc4 6. Qxc4 b5 7. Qc2 Bb7 8. Bg2 Be7 9. 0-0 0-0 10. Rd1 Nbd7 11. Nc3 Qb6 12. a4 b4 13. a5 Qa6 14. e4 c5 15. e5 bxc3 16. exf6 cxb2 17. Bxb2 Bxf6 18. dxc5 Bxb2 19. Rab1 Rad8 20. Rd6 Qxa5 21. Ng5 g6 22. Bxb7 Be5 23. Rc6 Nb8 24. Rxe6 fxe6 25. Nxe6 Rd2 26. Qc4 Rfxf2 27. Ng5+ Kg7 28. Qe6 Qxc5 0-1

[Event "Alicante IRT op 15th"]
[Site "Alicante"]
[Date "2021.09.24"]
[Round "1"]
[White "Garcia Ramos, Marcos"]
[Black "Garijo Perez, Hugo"]
[Result "1-0"]
[WhiteElo "2197"]
[BlackElo "1763"]
[PlyCount "95"]
[EventDate "2021.09.24"]
[EventType "swiss"]
[EventRounds "7"]
[EventCountry "ESP"]
[SourceTitle "CBM 204 Extra"]
[Source "ChessBase"]
[SourceDate "2021.11.30"]
[SourceVersion "1"]
[SourceVersionDate "2021.11.30"]
[SourceQuality "1"]

1. d4 d5 2. c4 e6 3. Nf3 Nf6 4. g3 Be7 5. Bg2 0-0 6. 0-0 dxc4 7. Qc2 a6 8. a4 Bd7 9. Qxc4 Bc6 10. Bg5 Nbd7 11. Nc3 h6 12. Bxf6 Bxf6 13. e4 e5 14. d5 Nb6 15. Qb3 Be8 16. Rfd1 Rb8 17. Rac1 Nc8 18. Ne1 Nd6 19. Nd3 Bd7 20. Nc5 Qe7 21. h4 Rfd8 22. Qa2 Bc8 23. b4 b6 24. Nd3 Bd7 25. Rd2 Qe8 26. Rdc2 Rdc8 27. Bf1 Ra8 28. Nb2 a5 29. b5 Qe7 30. Nd3 g6 31. Bg2 Bg7 32. Nd1 Ra7 33. Ne3 f5 34. Nc4 Nxc4 35. Rxc4 Kh8 36. Qc2 Qd6 37. Qe2 Rg8 38. h5 g5 39. exf5 Bxf5 40. Rc6 Qe7 41. Be4 Qd7 42. Qe3 Rd8 43. Nxe5 Bxe5 44. Rxh6+ Kg8 45. Qxg5+ Bg7 46. Bxf5 Qe8 47. Be6+ Kf8 48. Rf6+ 1-0

[Event "Mutxamel IM 3rd"]
[Site "Mutxamel"]
[Date "2021.09.08"]
[Round "5"]
[White "Castellanos Gomez, Alejandro"]
[Black "Garcia Ramos, Marcos"]
[Result "1/2-1/2"]
[WhiteElo "2223"]
[BlackElo "2197"]
[PlyCount "68"]
[EventDate "2021.09.06"]
[EventType "tourn"]
[EventRounds "10"]
[EventCountry "ESP"]
[EventCategory "2"]
[SourceTitle "CBM 204 Extra"]
[Source "ChessBase"]
[SourceDate "2021.11.30"]
[SourceVersion "1"]
[SourceVersionDate "2021.11.30"]
[SourceQuality "1"]

1. d4 Nf6 2. c4 e6 3. Nf3 Bb4+ 4. Bd2 Qe7 5. g3 Bxd2+ 6. Qxd2 Nc6 7. Nc3 d5 8. Bg2 dxc4 9. Ne5 Nxe5 10. dxe5 Nd7 11. Qd4 Qc5 12. Qxc5 Nxc5 13. Rd1 c6 14. Rd4 Nd7 15. f4 Nb6 16. Kf2 Bd7 17. Ne4 Ke7 18. Nd6 Rhb8 19. Rc1 a5 20. Rcd1 Be8 21. f5 a4 22. Rh4 h6 23. Rg4 Ra5 24. fxe6 g5 25. exf7 Bxf7 26. Nf5+ Ke8 27. Nxh6 Rxe5 28. Nxf7 Kxf7 29. h4 gxh4 30. Rxh4 Rb5 31. Rf4+ Ke7 32. Re4+ Kf7 33. Rf4+ Ke7 34. Re4+ Kf7 1/2-1/2

[Event "Barcelona IM 19th"]
[Site "Barcelona"]
[Date "2021.07.29"]
[Round "2"]
[White "Villar Reymundo, Juan Antonio"]
[Black "Garcia Ramos, Marcos"]
[Result "1-0"]
[WhiteElo "2131"]
[BlackElo "2216"]
[PlyCount "75"]
[EventDate "2021.07.28"]
[EventType "tourn"]
[EventRounds "9"]
[EventCountry "ESP"]
[EventCategory "1"]
[SourceTitle "CBM 203 Extra"]
[Source "ChessBase"]
[SourceDate "2021.09.30"]
[SourceVersion "1"]
[SourceVersionDate "2021.09.30"]
[SourceQuality "1"]

1. d4 Nf6 2. c4 e6 3. Nc3 Bb4 4. Qc2 c5 5. dxc5 Bxc5 6. Nf3 Qb6 7. e3 Qc7 8. Be2 a6 9. b3 b6 10. Bb2 Bb7 11. 0-0 Ng4 12. Ne4 f5 13. Ng3 Nc6 14. e4 0-0-0 15. a3 h5 16. b4 Bd6 17. b5 Nce5 18. bxa6 Bc6 19. Nxe5 Nxe5 20. exf5 Ng4 21. Rfd1 exf5 22. c5 Bxc5 23. Bd4 Be4 24. Qd2 h4 25. Nf1 Nf6 26. Bxc5 bxc5 27. Rac1 Bc6 28. Qb2 d6 29. Ne3 Ne4 30. Nc4 Qa7 31. Bd3 d5 32. Bxe4 fxe4 33. Na5 Rh6 34. Nb7 Bxb7 35. axb7+ Kb8 36. Qe5+ Rhd6 37. Rxd5 Qb6 38. Rcd1 1-0

[Event "Badalona op 42nd"]
[Site "Badalona"]
[Date "2016.08.10"]
[Round "9"]
[White "Garcia Ramos, Marcos"]
[Black "Vera Siguenas, Deivy Anthoni"]
[Result "0-1"]
[WhiteElo "2207"]
[BlackElo "2496"]
[PlyCount "106"]
[EventDate "2016.08.02"]
[EventType "swiss"]
[EventRounds "9"]
[EventCountry "ESP"]
[SourceTitle "CBM 173 Extra"]
[Source "ChessBase"]
[SourceDate "2016.08.29"]
[SourceVersion "1"]
[SourceVersionDate "2016.08.29"]
[SourceQuality "1"]

1. d4 Nf6 2. c4 g6 3. Nc3 Bg7 4. e4 d6 5. Nf3 0-0 6. h3 e5 7. d5 a5 8. g4 Na6 9. Be3 Nd7 10. a3 Nb6 11. Nd2 Nc5 12. Rg1 Kh8 13. g5 Qe8 14. h4 f5 15. Qc2 Bd7 16. Be2 Nc8 17. h5 Na4 18. exf5 Nxc3 19. Qxc3 Rxf5 20. h6 Bf8 21. Bg4 Rf7 22. Bxd7 Qxd7 23. 0-0-0 b5 24. cxb5 Qxb5 25. Qc4 Qxc4+ 26. Nxc4 a4 27. Kc2 c6 28. Rg4 cxd5 29. Rxd5 Rc7 30. Kb1 Kg8 31. Bd2 Ra6 32. Ne3 Ne7 33. Rb5 Rca7 34. Bc3 Nf5 35. Nd5 Kf7 36. Rc4 Ne7 37. Nxe7 Bxe7 38. f4 Ke6 39. fxe5 d5 40. Rg4 Rd7 41. Bd2 d4 42. Kc2 d3+ 43. Kc3 Bd8 44. Kc4 Rc6+ 45. Rc5 Rxc5+ 46. Kxc5 Kxe5 47. Kc4 Bb6 48. b3 axb3 49. Kxb3 Kd5 50. a4 Bd4 51. Rg3 Rb7+ 52. Ka3 Kc4 53. Rg2 Rb1 0-1

[Event "San Pedro del Pinatar op 6th"]
[Site "San Pedro del Pinatar"]
[Date "2015.01.30"]
[Round "1"]
[White "Garcia Ramos, Marcos"]
[Black "Alonso Garcia, Aaron"]
[Result "1-0"]
[WhiteElo "2137"]
[BlackElo "1600"]
[PlyCount "36"]
[EventDate "2015.01.30"]
[EventType "swiss"]
[EventRounds "7"]
[EventCountry "ESP"]
[SourceTitle "CBM 164 Extra"]
[Source "ChessBase"]
[SourceDate "2015.03.02"]
[SourceVersion "1"]
[SourceVersionDate "2015.03.02"]
[SourceQuality "1"]

1. e4 c5 2. Nf3 a6 3. c4 g6 4. d4 Bg7 5. Nc3 Nc6 6. dxc5 Nf6 7. Be2 0-0 8. 0-0 Qa5 9. h3 Qxc5 10. Be3 Qa5 11. Qd2 d6 12. a3 Be6 13. Ng5 Bd7 14. f4 Qc7 15. Rac1 Qb8 16. c5 Rd8 17. cxd6 exd6 18. Bc4 Rf8 1-0

[Event "Provincial-ch Xixona"]
[Site "Xixona"]
[Date "2014.11.22"]
[Round "7.4"]
[White "Garcia Ramos, Marcos"]
[Black "Sanchez Barbado, Carlos"]
[Result "0-1"]
[WhiteElo "2141"]
[BlackElo "2197"]
[PlyCount "48"]
[EventDate "2014.09.27"]
[EventType "swiss"]
[EventRounds "7"]
[EventCountry "ESP"]
[SourceTitle "EXT 2024"]
[Source "ChessBase"]
[SourceDate "2023.10.10"]
[SourceVersion "1"]
[SourceVersionDate "2023.10.10"]
[SourceQuality "1"]

1. e4 c5 2. Nf3 e6 3. d4 cxd4 4. Nxd4 Nf6 5. Nc3 Nc6 6. Ndb5 Bb4 7. a3 Bxc3+ 8. Nxc3 d5 9. exd5 exd5 10. Bd3 0-0 11. 0-0 d4 12. Ne2 Bg4 13. f3 Bh5 14. b4 Qb6 15. Bb2 Rad8 16. Qd2 Bg6 17. Rad1 Bxd3 18. Qxd3 Nd5 19. Rfe1 Nc3 20. Rd2 Ne5 21. Qf5 d3+ 22. Kh1 Qf2 23. Bxc3 Qxe1+ 24. Ng1 Rc8 0-1

[Event "La Roda op 41st"]
[Site "La Roda"]
[Date "2014.04.17"]
[Round "2"]
[White "Paunovic, Dragan"]
[Black "Garcia Ramos, Marcos"]
[Result "1-0"]
[WhiteElo "2497"]
[BlackElo "2126"]
[PlyCount "71"]
[EventDate "2014.04.16"]
[EventType "swiss"]
[EventRounds "9"]
[EventCountry "ESP"]
[SourceTitle "CBM 159 Extra"]
[Source "ChessBase"]
[SourceDate "2014.04.24"]
[SourceVersion "1"]
[SourceVersionDate "2014.04.24"]
[SourceQuality "1"]

1. Nf3 Nf6 2. g3 d5 3. Bg2 Bf5 4. 0-0 e6 5. d3 h6 6. c4 Nbd7 7. cxd5 exd5 8. e4 dxe4 9. dxe4 Bxe4 10. Nc3 Bc6 11. Re1+ Be7 12. Qe2 Nc5 13. Bf4 Ne6 14. Rad1 Qc8 15. Nd4 Bxg2 16. Nxe6 fxe6 17. Kxg2 c6 18. Qc4 Kf7 19. Be5 Rd8 20. Rxd8 Bxd8 21. Qf4 Kg8 22. Ne4 Nxe4 23. Rxe4 Bg5 24. Qg4 Qf8 25. h4 Bf6 26. Rf4 Kf7 27. Qf3 Ke7 28. Rb4 b6 29. Rf4 Rc8 30. Bxf6+ gxf6 31. Qa3+ Kf7 32. Qxa7+ Qe7 33. Qxb6 c5 34. Qb3 Qd6 35. Qf3 f5 36. Rxf5+ 1-0

[Event "Hessenliga 1314"]
[Site "Germany"]
[Date "2013.09.29"]
[Round "1.6"]
[White "Reh, Philipp"]
[Black "Garcia Ramos, Marcos"]
[Result "1/2-1/2"]
[WhiteElo "2064"]
[BlackElo "2114"]
[PlyCount "76"]
[EventDate "2013.09.29"]
[EventType "team-tourn"]
[EventRounds "9"]
[EventCountry "GER"]
[SourceTitle "EXT 2015"]
[Source "ChessBase"]
[SourceDate "2014.11.20"]
[SourceVersion "1"]
[SourceVersionDate "2014.11.20"]
[SourceQuality "1"]
[WhiteTeam "Fulda"]
[BlackTeam "Gelnhausen"]
[WhiteTeamCountry "GER"]
[BlackTeamCountry "GER"]

1. Nf3 Nf6 2. g3 b6 3. Bg2 Bb7 4. d4 e6 5. 0-0 c5 6. c3 Be7 7. Bg5 0-0 8. Nbd2 cxd4 9. cxd4 h6 10. Bxf6 Bxf6 11. e3 d6 12. Ne1 Bxg2 13. Kxg2 d5 14. Qa4 Qd7 15. Qxd7 Nxd7 16. Nd3 Rfc8 17. Rac1 Be7 18. Rxc8+ Rxc8 19. Rc1 Rxc1 20. Nxc1 Bd6 21. Nd3 Kf8 22. f4 f5 23. Nf3 Ke7 24. h3 Kd8 25. g4 g6 26. g5 h5 27. Nh4 Nf8 28. Kf2 Kd7 29. Nf3 Kc7 30. Ke2 Nd7 31. Kd2 Kc6 32. Kc2 Kc7 33. Kc3 Kc6 34. Nh4 Nf8 35. Nf3 Nd7 36. Nh4 Nf8 37. Nf3 Nh7 38. Nh4 Nf8 1/2-1/2

[Event "Platja d'Aro Barcino"]
[Site "Platja d'Aro"]
[Date "2013.06.29"]
[Round "9"]
[White "Garcia Ramos, Marcos"]
[Black "Cantero Navarro, Antonio"]
[Result "1/2-1/2"]
[WhiteElo "2139"]
[BlackElo "2254"]
[PlyCount "23"]
[EventDate "2013.06.24"]
[EventType "tourn"]
[EventRounds "9"]
[EventCountry "ESP"]
[EventCategory "3"]
[SourceTitle "EXT 2014"]
[Source "ChessBase"]
[SourceDate "2013.11.20"]
[SourceVersion "1"]
[SourceVersionDate "2013.11.20"]
[SourceQuality "1"]

1. e4 c5 2. Nf3 d6 3. d4 cxd4 4. Qxd4 Nc6 5. Bb5 Bd7 6. Bxc6 Bxc6 7. Nc3 Nf6 8. Bg5 e5 9. Qd3 Be7 10. 0-0-0 a6 11. Kb1 b5 12. Rhe1 1/2-1/2

[Event "Platja d'Aro Barcino"]
[Site "Platja d'Aro"]
[Date "2013.06.25"]
[Round "3"]
[White "Garcia Ramos, Marcos"]
[Black "Mladenov, Plamen"]
[Result "0-1"]
[WhiteElo "2139"]
[BlackElo "2405"]
[PlyCount "66"]
[EventDate "2013.06.24"]
[EventType "tourn"]
[EventRounds "9"]
[EventCountry "ESP"]
[EventCategory "3"]
[SourceTitle "EXT 2014"]
[Source "ChessBase"]
[SourceDate "2013.11.20"]
[SourceVersion "1"]
[SourceVersionDate "2013.11.20"]
[SourceQuality "1"]

1. e4 c5 2. Nf3 a6 3. c4 d6 4. d4 cxd4 5. Nxd4 Nf6 6. Nc3 e6 7. Be2 b6 8. 0-0 Bb7 9. f3 Be7 10. Be3 Nbd7 11. a3 0-0 12. b4 Qc7 13. Qd2 Rac8 14. Rac1 Qb8 15. Rc2 Bd8 16. Kh1 Bc7 17. Bg1 Kh8 18. Rb1 Qa8 19. Na4 Rg8 20. c5 dxc5 21. bxc5 bxc5 22. Nxc5 Nxc5 23. Rxc5 e5 24. Nb3 Rge8 25. Qb4 Nxe4 26. Rcc1 Bd6 27. Qa5 Ng5 28. Nc5 Bxc5 29. Bxc5 Ne6 30. Be3 Nd4 31. Rxc8 Qxc8 32. Rc1 Qb8 33. Bf1 Nb3 0-1

[Event "Cullera op-A 29th"]
[Site "Cullera"]
[Date "2012.08.30"]
[Round "8"]
[White "Garcia Ramos, Marcos"]
[Black "Navarro Diaz, Carles"]
[Result "0-1"]
[WhiteElo "2177"]
[BlackElo "2117"]
[PlyCount "42"]
[EventDate "2012.08.25"]
[EventType "swiss"]
[EventRounds "9"]
[EventCountry "ESP"]
[SourceTitle "CBM 150 Extra"]
[Source "ChessBase"]
[SourceDate "2012.10.19"]
[SourceVersion "1"]
[SourceVersionDate "2012.10.19"]
[SourceQuality "1"]

1. e4 c5 2. Nf3 Nc6 3. d4 cxd4 4. Nxd4 g6 5. Nc3 Bg7 6. Be3 Nf6 7. Bc4 0-0 8. Bb3 d6 9. f3 Bd7 10. Qd2 Rc8 11. 0-0-0 Ne5 12. h4 h5 13. g4 hxg4 14. h5 Nxh5 15. Bh6 Kh7 16. Bxg7 Kxg7 17. fxg4 Bxg4 18. Rdg1 Rh8 19. Nd5 e6 20. Nf4 Nxf4 21. Qxf4 Nd3+ 0-1